| 000 | 00673cam a2200253 4500 | ||
|---|---|---|---|
| 008 | 000000n2001 000 0 eng u | ||
| 020 | _a0860175499 | ||
| 035 | _a(Sirsi) u111944 | ||
| 050 | _a333.73 | ||
| 100 | _aEvans, D. | ||
| 245 | _aRemedial processes for contaminated land: principles and practice | ||
| 260 |
_aLondon _bCIRIA _c2001 |
||
| 300 | _a227p. ; 30cm. | ||
| 490 |
_aCIRIA Publication _vC549 |
||
| 650 | _aCONTAMINATED LAND | ||
| 650 | _aSOIL WASHING | ||
| 650 | _aBROWNFIELD SITES | ||
| 650 | _aTREATMENT | ||
| 690 | _aENVIRONMENT-CONTAMINATION | ||
| 700 | _aJefferis, S. A. | ||
| 700 | _aThomas, A.O. | ||
| 700 | _aCui, S. | ||
| 942 | _n0 | ||
| 999 |
_c101316 _d101316 |
||